Silksong Hunter's Journal (By Area) - Statistics

General Stats
  • This quiz has been taken 113 times
  • The average score is 128 of 237
Answer Stats
Answer % Correct
Moss Mother
91%
Lace
77%
Lost Lace
77%
Mossgrub
77%
Skull Tyrant
77%
Grand Mother Silk
74%
Plasmified Zango
74%
First Sinner
71%
Groal the Great
71%
Last Judge
71%
Moorwing
71%
Mossmir
71%
Savage Beastfly
71%
Sister Splinter
71%
Skarrgard
71%
Skarrsinger Karmelita
71%
Beastfly
69%
Bell Beast
69%
Cogwork Dancers
69%
Craw
69%
Crawfather
69%
Crust King Khann
69%
Elder Pilgrim
69%
Father of the Flame
69%
Fourth Chorus
69%
Grom
69%
Muckroach
69%
Widow
69%
Winged Pilgrim
69%
Broodmother
66%
Clover Dancers
66%
Conchfly
66%
Judge
66%
Mite
66%
Nyleth
66%
Phantom
66%
Pilgrim Pouncer
66%
Pinstress
66%
Shadow Creeper
66%
Skarr Scout
66%
Void Tendrils
66%
Wardenfly
66%
Wingmould
66%
Grand Reed
63%
Great Conchfly
63%
Gromling
63%
Lost Garmond
63%
Massive Mossgrub
63%
Muckmaggot
63%
Palestag
63%
Pilgrim Groveller
63%
Reed
63%
Shadow Charger
63%
Shakra
63%
Skull Brute
63%
Skull Scuttler
63%
Stilkin
63%
Winged Pilgrim Bellbearer
63%
Aknid
60%
Caranid
60%
Deep Diver
60%
Garmond & Zaza
60%
Huge Flea
60%
Mitemother
60%
Pilgrim Hiker
60%
Plasmid
60%
Scrollreader
60%
Shrine Guardian Seth
60%
Splinter
60%
The Unravelled
60%
Trobbio
60%
Voltvyrm
60%
Watcher at the Edge
60%
Bloatroach
57%
Choristor
57%
Craw Juror
57%
Disgraced Chef Lugoli
57%
Driznarga
57%
Driznit
57%
Gargant Gloom
57%
Gloomsac
57%
Gurr the Outcast
57%
Karaka
57%
Maestro
57%
Overgrown Pilgrim
57%
Penitent
57%
Pilgrim Bellbearer
57%
Second Sentinel
57%
Skarrlid
57%
Skarr Stalker
57%
Skarrwing
57%
Squatcraw
57%
Tallcraw
57%
Tormented Trobbio
57%
Underworker
57%
Wisp
57%
Burning Bug
54%
Choir Clapper
54%
Cogwork Clapper
54%
Coral Furm
54%
Covetous Pilgrim
54%
Drapemite
54%
Forebrothers Signis & Gron
54%
Hoker
54%
Marrowmaw
54%
Memoria
54%
Pharlid
54%
Pharlid Diver
54%
Pondcatcher
54%
Sandcarver
54%
Spit Squit
54%
Squatcraw Juror
54%
Squirrm
54%
Stilkin Trapper
54%
Summoned Saviour
54%
Surgeon
54%
Tallcraw Juror
54%
Underscrub
54%
Undersweep
54%
Verdanir
54%
Cloverstag
51%
Craggler
51%
Ductsucker
51%
Guardfly
51%
Imoba
51%
Last Claw
51%
Mnemonid
51%
Pilgrim Hornfly
51%
Plasmidas
51%
Pond Skipper
51%
Puny Penitent
51%
Rhinogrund
51%
Roachcatcher
51%
Roachkeeper
51%
Servitor Boran
51%
Servitor Ignim
51%
Skrill
51%
Slubberlug
51%
Spear Skarr
51%
Splinterhorn
51%
Thread Raker
51%
Underpoke
51%
Vaultborn
51%
Yago
51%
Barnak
49%
Cragglite
49%
Dreg Catcher
49%
Dregwheel
49%
Fluttermite
49%
Furm
49%
Gahlia
49%
Karak Gor
49%
Mawling
49%
Minister
49%
Mnemonord
49%
Phacia
49%
Pilgrim Guide
49%
Roachfeeder
49%
Roachserver
49%
Scabfly
49%
Shellwood Gnat
49%
Skullwing
49%
Splinterbark
49%
Undercrank
49%
Vaultkeeper
49%
Vicious Caranid
49%
Void Mass
49%
Wood Wasp
49%
Alita
46%
Choir Elder
46%
Clawmaiden
46%
Cogwork Defender
46%
Cogworker
46%
Crustcrag
46%
Drapefly
46%
Dreg Husk
46%
Escalion
46%
Flintbeetle
46%
Flintflame Flyer
46%
Flintstone Flyer
46%
Garpid
46%
Giant Drapemite
46%
Kai
46%
Kindanir
46%
Lampbearer
46%
Lavalug
46%
Mortician
46%
Pilgrim Hulk
46%
Pokenabbin
46%
Silk Snipper
46%
Smelt Shoveller
46%
Snitchfly
46%
Winged Furm
46%
Yuma
46%
Yumama
46%
Bell Eater
43%
Choir Pouncer
43%
Cogwork Cleanser
43%
Corrcrust Karaka
43%
Drapelord
43%
Driftlin
43%
Freshfly
43%
Hardbone Hopper
43%
Kilik
43%
Lavalarga
43%
Leaf Roller
43%
Pendra
43%
Pollenica
43%
Shardillard
43%
Smokerock Sifter
43%
Swamp Squit
43%
Tarmite
43%
Underloft
43%
Winged Lifeseed
43%
Wraith
43%
Brushflit
40%
Choir Bellbearer
40%
Cogwork Choirbug
40%
Cogwork Hauler
40%
Cogwork Underfly
40%
Crustcrawler
40%
Hardbone Elder
40%
Miremite
40%
Nuphar
40%
Pendragor
40%
Steelspine Kai
40%
Choir Flyer
37%
Choir Hornhead
37%
Cogwork Crawler
37%
Cogwork Spine
37%
Envoy
37%
Fertid
37%
Flapping Fertid
37%
Kakri
37%
Leaf Glider
37%
Mothleaf Lagnia
34%
Spinebeak Kai
34%
No matching quizzes found
Score Distribution
Percent of People with Each Score
Percentile by Number Answered
Your Score History
You have not taken this quiz